Derecho ambiental colombiano

Αποθηκεύτηκε σε:
Λεπτομέρειες βιβλιογραφικής εγγραφής
Κύριος συγγραφέας: Patiño Posse, Miguel (autor)
Μορφή: Βιβλίο
Γλώσσα:Ισπανικά
Έκδοση: Bogotá Legis 1999
Έκδοση:1a. ed
Θέματα:
Ετικέτες: Προσθήκη ετικέτας
Δεν υπάρχουν, Καταχωρήστε ετικέτα πρώτοι!

MARC

LEADER 00000nam a2200000 a 4500
001 UCK4535
003 CL-VaPUC
008 050610e19990000CK |||||||||||||||||spa|d
020 |a 9586531570 
082 0 4 |a 344.86046  |b PAT  |2 21 
100 |a Patiño Posse, Miguel  |e autor  |9 493684 
245 1 0 |a Derecho ambiental colombiano 
250 |a 1a. ed 
300 |a 339 p 
942 |c BK 
945 |d 20050610 00:00:00  |a cmena 
260 |a Bogotá  |b Legis  |c 1999 
500 |a Incluye código de recursos naturales renovables ley 99 de 1993 y ley del seguro ambiental 
650 0 |a Derecho ambiental   |9 257835 
650 0 |a Política ambiental  |9 262970 
650 0 |a Ecología humana   |9 263207 
651 0 |a Colombia  |9 256424 
583 |a last modification  |c 20161003 09:46:37  |k Rodrigo Vera 
999 |c 313365  |d 313363 
952 |0 0  |1 0  |4 0  |6 344_860460000000000_PAT_1999  |7 0  |8 A  |9 384689  |a BIBDER  |b BIBDER  |d 2019-11-22  |i 4119002  |o 344.86046 PAT 1999  |p 4119002  |r 2023-01-25  |w 2019-11-22  |y BK  |k DER